Mediación familiar: una práctica en busca de una teoría. Una nueva visión del Derecho.
সংরক্ষণ করুন:
| প্রধান লেখক: | |
|---|---|
| বিন্যাস: | গ্রন্থ |
| ভাষা: | স্প্যানিশ |
| প্রকাশিত: |
Barcelona, España
Granica
1999
|
| মালা: | Mediación-Negociación
|
| বিষয়গুলি: | |
| ট্যাগগুলো: |
ট্যাগ যুক্ত করুন
কোনো ট্যাগ নেই, প্রথমজন হিসাবে ট্যাগ করুন!
|
MARC
| LEADER | 00000nam a2200000 a 4500 | ||
|---|---|---|---|
| 001 | UCK6826 | ||
| 003 | CL-VaPUC | ||
| 005 | 20240401121848.0 | ||
| 008 | 051021e19990000SP |||||||||||||||||spa|d | ||
| 999 | |c 314972 |d 314970 | ||
| 020 | |a 8475777694 | ||
| 040 | |c Pontificia Universidad Católica de Valparaíso | ||
| 082 | 0 | 4 | |a 347.09 MAR 1999 |2 21 |
| 100 | |a Marlow, Lenard |e autor |9 496293 | ||
| 245 | 1 | 0 | |a Mediación familiar: una práctica en busca de una teoría. Una nueva visión del Derecho. |
| 260 | 0 | 3 | |a Barcelona, España |b Granica |c 1999 |
| 300 | |a 430 páginas. | ||
| 490 | 0 | |a Mediación-Negociación | |
| 583 | |a last modification |c 20051021 00:00:00 |k Rodrigo Vera | ||
| 650 | 0 | |a Mediación familiar |9 466593 | |
| 650 | 0 | |a Familias |9 255641 | |
| 650 | 0 | |a Tribunales |9 254872 | |
| 650 | 0 | |a Abogados |9 256284 | |
| 650 | 0 | |a Jurisprudencia |9 255952 | |
| 942 | |c BK |2 ddc | ||
| 945 | |d 20051021 00:00:00 |a cmena | ||